[Event "Bayern-ch Seniors 23rd"]
[Site "Bergen"]
[Date "2011.05.29"]
[Round "2"]
[White "Reichwald, Klaus Dieter"]
[Black "Peiberg, Walter"]
[Result "1/2-1/2"]
[WhiteElo "1717"]
[BlackElo "1580"]
[PlyCount "46"]
[EventDate "2011.05.28"]
[EventType "swiss"]
[EventRounds "9"]
[EventCountry "GER"]
[SourceTitle "EXT 2012"]
[Source "ChessBase"]
[SourceDate "2011.11.24"]
[SourceVersion "1"]
[SourceVersionDate "2011.11.24"]
[SourceQuality "1"]

1. e4 e6 2. d4 d5 3. Nc3 Ne7 4. Nf3 Ng6 5. Bd3 Bb4 6. 0-0 b6 7. Ne2 Be7 8. Ng3 Bb7 9. e5 c5 10. c3 Ba6 11. Qa4+ Qd7 12. Qxd7+ Kxd7 13. Bxa6 Nxa6 14. Ng5 Bxg5 15. Bxg5 Ne7 16. Be3 cxd4 17. Bxd4 g6 18. f4 Rhc8 19. Ne2 h5 20. h3 Nf5 21. g4 hxg4 22. hxg4 Nh6 23. g5 Nf5 1/2-1/2